Every Song by the Story So Far - Statistics

General Stats
  • This quiz has been taken 32 times
    24 since last reset
  • The average score is 34 of 68
Answer Stats
Album Song % Correct
I Want to Disappear(2024) Big Blind
88%
The Story So Far / Stick to Your Guns(2013) Clairvoyant
88%
Under Soil and Dirt(2011) Daughters
88%
I Want to Disappear(2024) I Want to Disappear
88%
Under Soil and Dirt(2011) Mt. Diablo
88%
Songs Of(2014) Navy Blue
88%
Proper Dose(2018) Proper Dose
88%
What You Don't See(2013) The Glass
88%
What You Don't See(2013) Empty Space
75%
Under Soil and Dirt(2011) High Regard
75%
Proper Dose(2018) Line
75%
The Story So Far(2015) Nerve
75%
Under Soil and Dirt(2011) Quicksand
75%
Under Soil and Dirt(2011) Roam
75%
I Want to Disappear(2024) White Shores
75%
I Want to Disappear(2024) You're Still in My Way
75%
What You Don't See(2013) Framework
63%
The Story So Far(2015) Heavy Gloom
63%
I Want to Disappear(2024) Keep You Around
63%
I Want to Disappear(2024) Letterman
63%
Proper Dose(2018) Out of It
63%
Under Soil and Dirt(2011) Placeholder
63%
The Story So Far(2015) Smile
63%
The Story So Far(2015) Solo
63%
Proper Dose(2018) Take Me as You Please
63%
The Story So Far / Maker(2010) 680 South
50%
I Want to Disappear(2024) All This Time
50%
What You Don't See(2013) Bad Luck
50%
The Story So Far(2015) Distaste
50%
Proper Dose(2018) If I Fall
50%
Proper Dose(2018) Keep This Up
50%
The Story So Far(2015) Phantom
50%
Under Soil and Dirt(2011) States and Minds
50%
What You Don't See(2013) Things I Can't Change
50%
Proper Dose(2018) Upside Down
50%
I Want to Disappear(2024) Watch You Go
50%
What You Don't See(2013) All Wrong
38%
While You Were Sleeping(2010) Bedhead (Just Like You Said)
38%
What You Don't See(2013) Face Value
38%
Under Soil and Dirt(2011) Four Years
38%
Proper Dose(2018) Growing on You
38%
The Story So Far(2015) How You Are
38%
5 Songs(2007) Intro
38%
I Want to Disappear(2024) Jump the Gun
38%
Proper Dose(2018) Let it Go
38%
The Story So Far(2015) Mock
38%
Proper Dose(2018) Need to Know
38%
I Want to Disappear(2024) Nothing to Say
38%
Under Soil and Dirt(2011) Rally Cap
38%
What You Don't See(2013) Right Here
38%
The Story So Far(2015) Stalemate
38%
What You Don't See(2013) Stifled
38%
Under Soil and Dirt(2011) Swords and Pens
38%
While You Were Sleeping(2010) Ali
25%
The Story So Far / Maker(2010) Brevity
25%
Under Soil and Dirt(2011) Closure
25%
While You Were Sleeping(2010) Compare and Conform
25%
5 Songs(2007) Don't Get Me Wrong
25%
5 Songs(2007) It's 20 More Feet and I Can't Walk It Alone
25%
5 Songs(2007) Jud Jud
25%
Proper Dose(2018) Light Year
25%
Under Soil and Dirt(Bonus)(2011) May
25%
What You Don't See(2013) Playing the Victim
25%
The Story So Far(2015) Scowl
25%
What You Don't See(2013) Small Talk
25%
While You Were Sleeping(2010) Snyder Street
25%
While You Were Sleeping(2010) Spark Fires
25%
5 Songs(2007) Standing Taller
25%
No matching quizzes found
Score Distribution
Percent of People with Each Score
Percentile by Number Answered
Your Score History
You have not taken this quiz since the last reset